| 000 | 00458nam a2200193Ia 4500 | ||
|---|---|---|---|
| 005 | 20250603145554.0 | ||
| 008 | 250603s9999 xx 000 0 und d | ||
| 020 | _a9781265074159 | ||
| 050 | _aHG 402 .B66/ | ||
| 100 | _aBrealey, Richard A. | ||
| 245 | 0 | _aPrinciples of corporate finance | |
| 250 | _a14th ed. | ||
| 260 | _aBoston | ||
| 260 | _bMcGraw-Hill Irwin | ||
| 260 | _c2023 | ||
| 300 | _axxx, 986p.: ill. | ||
| 650 | _aBoston | ||
| 942 | _cBK | ||
| 999 |
_c42242 _d42242 |
||